Religious tourism / (Record no. 143974)

MARC details
000 -LEADER
fixed length control field 00581nam a22001937a 4500
005 - DATE AND TIME OF LATEST TRANSACTION
control field 20170831151729.0
010 ## - LCCN (DPL NO)
LC control number ENG-120199
020 ## - INTERNATIONAL STANDARD BOOK NUMBER
International Standard Book Number 9788193114797
Terms of availability 650.00
035 ## - SYSTEM CONTROL NUMBER
System control number EN-103731
037 ## - SOURCE OF ACQUISITION
Source of stock number/acquisition DBAD/PUB
082 ## - DEWEY DECIMAL CLASSIFICATION NUMBER
Classification number 230.91
100 ## - MAIN ENTRY--PERSONAL NAME
Personal name Yadav,Savita
245 ## - TITLE STATEMENT
Title Religious tourism /
Statement of responsibility, etc by Savita Yadav
260 ## - PUBLICATION, DISTRIBUTION, ETC. (IMPRINT)
Place of publication, distribution, etc New Delhi
Name of publisher, distributor, etc Prakashan Kendra
Date of publication, distribution, etc 2016
270 ## - ADDRESS
Address 1/11955,Ist Floor,Road N0-65,Subhash Marg,Shahdara
City Delhi
Postal code 110032
300 ## - PHYSICAL DESCRIPTION
Extent 152p.
Dimensions 23cm(Hb)
500 ## - GENERAL NOTE
General note Includes bibliographical references
942 ## - ADDED ENTRY ELEMENTS (KOHA)
Source of classification or shelving scheme Dewey Decimal Classification
Item type English Books
Call number suffix YAD
Classification part 230.91
Holdings
Withdrawn status Lost status Not for loan Collection code Home library Current library Date acquired Source of acquisition Cost, normal purchase price Full call number Barcode Copy number Cost, replacement price Koha item type
      Non-fiction D.B.Act.Division Mobile Library 31/08/2017 DBAD/PUB 650.00 230.91 YAD EN-103731 1 695.00 English Books

© Delhi Public Library
Hit Counter
free hit counter